000 01660nam a2200349 i 4500
999 _c45865
_d45865
001 768714001
003 CO-MdBIC
005 20201022103712.0
007 ta
008 200309t1926 enk||||| |||| 00| 0 eng d
020 _a[No incluye ISBN]
040 _bspa.
_aCO-MdFUSB
_cCO-MdFUSB
_dCO-MdFUSBC
_erda
041 _aeng
082 _224
_a232
_bR259
100 1 _aRawlinson, A. E. J.
_eautor
242 1 3 _aLa doctrina neotestamentaria de Cristo
_b: las conferencias de Bampton para 1926
_lInglés
245 1 4 _aThe New Testament doctrine of the Christ
_b : the Bampton lectures for 1926
_c/ A. E. J. Rawlinson
264 1 _aLondres :
_bLongmans, Green and CO. LTD,
_c[1926]
264 4 _c© 1926
300 _axv, 288 páginas
_c: 22 cm
336 _atexto
_btxt
_2rdacontent
337 _2rdamedia
_asin mediación
_bn
338 _2rdacarrier
_avolumen
_bnc
504 _aIncluye índices (páginas 285-288)
505 _aLa esperanza religiosa de los judíos - La cristología de la iglesia judeocristiana - La misión de los cristianos gentiles - La contribución de San Pablo - Mediador, sumo sacerdote, él que vive - La encarnación de la palabra - El título "Señor" en el cristianismo pre-helénico - La designación "siervo" aplicada a nuestro Señor - Sobre el significado y el uso del título de "Hijo de hombre" en los evangelios - El "Yo filial" de Jesús - Sobre el supuesto "adopcionismo" del primitivo cristianismo - El cristianismo y las "religiones de misterio"
563 _aPasta dura
630 0 7 _aBiblia.
_pNuevo Testamento
650 7 _9239
_aCristología
942 _cBK
945 _aJTF-925